| 000 | 00000nam##2200000za#4500 |
| 001 | 9.697773 |
| 003 | CaOODSP |
| 005 | 20210624235630 |
| 007 | cr ||||||||||| |
| 008 | 150407|1998||||xxc|||||o f|0| 0 eng|d |
| 040 | |aCaOODSP|beng |
| 043 | |an-cn--- |
| 086 | 1 |aRH64-32/1998E-PDF |
| 110 | 1 |aCanada.|bHuman Resources Development Canada. |bStrategic Policy. |
| 245 | 10|aCanada-Saskatchewan Strategic Initiatives Program - formative evaluation : |h[electronic resource]|boverview / |c[by] Evaluation and Data Development. |
| 260 | |aOttawa - Ontario : |bHuman Resources Development Canada. |cJune 1998. |
| 300 | |a81p.|borganization charts, tables |
| 590 | |a13-12-Supp|b2013-05-10 |
| 690 | 07|aFederal provincial relations|2gcpds |
| 775 | 08|tCanada-saskatchewan Programme des initiatives stratégiques - évaluation formative : |w(CaOODSP)9.641819 |
| 856 | 40|ahttp://publications.gc.ca|qPDF|s238 KB|uhttps://publications.gc.ca/collections/collection_2013/rhdcc-hrsdc/RH64-32-1998-eng.pdf |
| 986 | |aSP-AH079E-06-98 |